| 000 | 00541nam a2200169Ia 4500 | ||
|---|---|---|---|
| 005 | 20250908155809.0 | ||
| 008 | 081213s9999 xx 000 0 und d | ||
| 050 |
_aBL759 _b.D38 1994 |
||
| 100 | _aDavies, Grace | ||
| 245 |
_aReligion in Britain since 1945: _bbeleiving without belonging |
||
| 260 |
_c1994 _aOxford _bBlackwell |
||
| 300 |
_axiii, 226 p.; _c23 cm. |
||
| 440 | _aMAKING CONTEMPORARY BRITAIN | ||
| 500 | _aincludes bibliographical references and index | ||
| 650 |
_2Great Britain _bReligion _y20th century |
||
| 942 |
_cBK _2lcc |
||
| 999 |
_c22659 _d22659 |
||